Statistics for FIFA World Cup 2006: Semifinal Germany vs Italy

Click here to take the quiz!

General Stats

  • This quiz has been taken 146 times
  • The average score is 20 of 30

Answer Stats

#TeamPositionPlayerr% Correct
1Juventus FCGKGianluigi Buffon
97%
10AS RomaFWFrancesco Totti
91%
21AC MilanMFAndrea Pirlo
88%
11Werder BremenFW / out 111'Miroslav Klose
87%
7Juventus FCFW / 1 goal / in 104'Alessandro Del Piero
85%
1Arsenal FCGKJens Lehmann
85%
5Juventus FCDFFabio Cannavaro
82%
201. FC KölnFWLukas Podolski
82%
8AC MilanMFGennaro Gattuso
80%
16Bayern MünchenDFPhilipp Lahm
80%
23Inter MilanDFMarco Materazzi
79%
7Bayern MünchenMF / in 73'Bastian Schweinsteiger
76%
3US PalermoDF / 1 goalFabio Grosso
74%
9ACF FiorentinaFW / out 74'Luca Toni
74%
13Bayern MünchenMFMichael Ballack
72%
16Juventus FCMF / out 91'Mauro Camoranesi
65%
19Juventus FCDFGianluca Zambrotta
64%
17Hannover 96DFPer Mertesacker
63%
CoachJürgen Klinsmann
59%
CoachMarcello Lippi
59%
11AC MilanFW / in 74'Alberto Gilardino
58%
20AS RomaMF / out 104'Simone Perrotta
49%
19Bayer LeverkusenMF / out 83'Bernd Schneider
48%
15Udinese CalcioFW / in 91'Vincenzo Iaquinta
48%
21Borussia DortmundDFChristoph Metzelder
47%
3Hertha BSCDFArne Friedrich
45%
10Borussia MönchengladbachFW / in 111'Oliver Neuville
42%
22Borussia DortmundFW / in 83'David Odonkor
37%
5Borussia DortmundMFSebastian Kehl
34%
18Werder BremenMF / out 73'Tim Borowski
32%

Score Distribution

Percentile by Number Answered

Percent of People with Each Score

Your Score History

You have not taken this quiz